| 000 -LEADER |
| fixed length control field |
00795cam a2200217 i 4500 |
| 001 - CONTROL NUMBER |
| control field |
17638492 |
| 005 - DATE AND TIME OF LATEST TRANSACTION |
| control field |
20240911113017.0 |
| 008 - FIXED-LENGTH DATA ELEMENTS--GENERAL INFORMATION |
| fixed length control field |
130226s2013 enka 001 0 eng |
| 020 ## - INTERNATIONAL STANDARD BOOK NUMBER |
| International Standard Book Number |
9781108638722 |
| 041 ## - LANGUAGE CODE |
| Language code of text/sound track or separate title |
eng |
| 080 ## - UNIVERSAL DECIMAL CLASSIFICATION NUMBER |
| Universal Decimal Classification number |
811.111.1 S-20 |
| 100 1# - MAIN ENTRY--PERSONAL NAME |
| Personal name |
Sanabria, Kim |
| Dates associated with a name |
|
| 9 (RLIN) |
15835 |
| 245 10 - TITLE STATEMENT |
| Title |
Academic encounters : 2 |
| Remainder of title |
American studies : listening, speaking / |
| Statement of responsibility, etc. |
Kim Sanabria, Carlos Sanabria. |
| 250 ## - EDITION STATEMENT |
| Edition statement |
2nd edition. |
| 264 #1 - PRODUCTION, PUBLICATION, DISTRIBUTION, MANUFACTURE, AND COPYRIGHT NOTICE |
| Place of production, publication, distribution, manufacture |
Cambridge: |
| Name of producer, publisher, distributor, manufacturer |
Cambridge University Press, |
| Date of production, publication, distribution, manufacture, or copyright notice |
2013. |
| 300 ## - PHYSICAL DESCRIPTION |
| Extent |
184 pages : |
| Other physical details |
illustrations ; |
| Dimensions |
26 cm. |
| 653 ## - INDEX TERM--UNCONTROLLED |
| keyword |
ამერიკული კვლევები: მოსმენა, საუბარი |
| 653 ## - INDEX TERM--UNCONTROLLED |
| keyword |
ინგლისური ენა |
| 700 1# - ADDED ENTRY--PERSONAL NAME |
| Personal name |
Sanabria, Carlos |
| Dates associated with a name |
|
| 9 (RLIN) |
15836 |
| Relator term |
ავტორი |
| 942 ## - ADDED ENTRY ELEMENTS (KOHA) |
| Source of classification or shelving scheme |
|
| Koha item type |
წიგნი |